000 01150nam a22003257a 4500
003 CHAP
005 20220329143046.0
008 051118d2004 mx r 00110 spa d
010 _a91349
011 _a92321
035 _a102885
040 _cCHAP
090 _aTesis
100 0 0 _aGutiérrez Trujillo, Joaquín Eucario.
_951850
245 1 0 _aInsuficiencia renal crónica en gatos :
_bdiagnóstico, manejo y control
_c/por Joaquín Eucario Gutiérrez Trujillo
260 _aCocula, Gro. :
_bEl autor,
_c2004.
300 _a50 h.
502 _aTesis (Ing. Agr. Zootecnista) -- Colegio Superior Agropecuario del Esdtado de Guerrero. Centro de Estudios Profesionales
590 _aALEPH
_b10
_c20130110
_lUCH01
_h1507
590 _aBATCH-UPD
_b10
_c20130110
_lUCH01
_h2112
590 _aBATCH-UPD
_b10
_c20130410
_lUCH01
_h1423
590 _aBATCH-UPD
_b10
_c20130914
_lUCH01
_h1548
590 _aCONVERSION
_b10
_c20130109
_lUCH01
_h1351
650 1 4 _aGatos.
_947276
650 1 4 _aVeterinaria
_xDiagnóstico.
_9118992
901 _aBK
905 _aAlejandra Carrasco M.
942 _cTESIS
949 _aTesis
_bBC
_cTES
_d1028851
_eTS1
_h44101
_i102885
_sb
999 _c91349
_d91349